Music Quiz

Random Music Quiz
Score 0/16 Timer 10:00
0 Plays Today
% Correct
Strong Girl Do Bongsoon
90.3%
Weightlifting Fairy Kim Bokjoo
87.9%
My ID is Gangnam Beauty
78.2%
W
61.3%
While You Were Sleeping
57.3%
A Love So Beautiful
56.5%
Good Morning Call
53.2%
Accidentally in Love
52.4%
% Correct
I'm Not a Robot
50.8%
Bring It On, Ghost
50%
Abyss
49.2%
Falling For Dojeon
48.4%
My Amazing Boyfriend
46.8%
Romance is a Bonus Book
46.3%
Orange Marmalade
42.7%
He Is Psychometric
41.9%

You're not logged in!

Compare scores with friends on all Sporcle quizzes.
OR
Log In

Sporcle TV

Today on Sporcle TV


Watch our educational content, quiz creation guides, and fun videos on Sporcle TV.

Show Comments

Extras

Created Jul 15, 2019ReportNominate
Tags:k-drama, Kdrama

Top Quizzes Today


Score Distribution

Paid Content

Your Account Isn't Verified!

In order to create a playlist on Sporcle, you need to verify the email address you used during registration. Go to your Sporcle Settings to finish the process.

Report this User

Report this user for behavior that violates our Community Guidelines.

Details: